000 00543nam a2200181Ia 4500
008 090124s9999 xx 000 0 und d
082 _b118493
100 _aसंत वि.द.
245 _a गुलमोहर ( ललित निबंध )
250 _a1
260 _c1980
300 _a102
600 _aसंत वि.द.
630 _a गुलमोहर ( ललित निबंध )
700 _aसंत वि.द.
730 _a गुलमोहर ( ललित निबंध )
942 _cBOOK
999 _c164579
_d164579